000 00700nam a2200241 a 4500
001 50229
003 BD-RjUL
005 20211209075458.0
008 160824s1961 enka be 001 0ceng
035 _a(BD-RjUL)50349
040 _aDLC
_cRPB
_dUk
_dBD-RjUL
_beng
041 _aeng
082 0 0 _a364.15203
_223
_bWIE 1961
100 1 0 _aWilson, Colin
_9150546
245 1 0 _aEncyclopaedia of murder /
_cby Colin Wilson and Patricia Pitman.
260 _aLondon :
_bPan book ltd.,
_cc1961
300 _a671 p. ;
_c22 cm.
650 0 _aMurder.
_9150547
650 0 _aCriminals
_vBiography.
_9149282
700 1 _aPitman, Patricia
_ejoint author.
_9150548
942 _2ddc
_cBK
999 _c50229
_d50229